Kraj potomkov Matúša Čáka Trenčianskeho
Stručná charakteristika Trenčianskeho samosprávneho vyššieho územného celku. Prírodné podmienky. Administratívny vývoj. Hospodárstvo. Rozvojové príležitosti.
Salvato in:
| Autore principale: | |
|---|---|
| Natura: | Capitolo di libro |
| Lingua: | slovacco |
| Soggetti: | |
| Tags: |
Nessun Tag, puoi essere il primo ad aggiungerne!!
|
MARC
| LEADER | 00000naa a2200000 4500 | ||
|---|---|---|---|
| 001 | r041870 | ||
| 005 | 20230927092627.2 | ||
| 041 | 0 | |a slo | |
| 044 | |a SK | ||
| 245 | 1 | 0 | |a Kraj potomkov Matúša Čáka Trenčianskeho |c Milan Rajčák |
| 520 | |a Stručná charakteristika Trenčianskeho samosprávneho vyššieho územného celku. Prírodné podmienky. Administratívny vývoj. Hospodárstvo. Rozvojové príležitosti. | ||
| 610 | 2 | 0 | |a členenie územné administratívne |
| 610 | 2 | 0 | |a vyššie územné celky |
| 610 | 2 | 0 | |a správa verejná |
| 610 | 2 | 0 | |a regióny |
| 610 | 2 | 0 | |a samospráva regionálna |
| 610 | 2 | 0 | |a vývoj hospodársky |
| 610 | 2 | 0 | |a obyvateľstvo |
| 100 | 1 | |a Rajčák, Milan | |